[Event "English Open Championship 2024"]
[Site "Holiday Inn, 212 Abbey End, Kenilworth CV8 1ED, United Kingdom"]
[Date "2024.06.22"]
[Round "6.32"]
[White "De Coverly, Roger D"]
[Black "Pink, Joshua"]
[Result "0-1"]
[TimeControl "G90 + 30secs/move"]
[WhiteFideId "405213"]
[BlackFideId "424790"]
[WhiteElo "1923"]
[BlackElo "1892"]

1. e4 {[%clk 01:30:56]} {[%emt 00:00:03]} c6 {[%clk 01:30:45]} {[%emt
00:00:15]} 2. d3 {[%clk 01:31:05]} {[%emt 00:00:22]} d5 {[%clk 01:31:06]}
{[%emt 00:00:08]} 3. Nd2 {[%clk 01:31:30]} {[%emt 00:00:05]} e5 {[%clk
01:31:31]} {[%emt 00:00:05]} 4. Ngf3 {[%clk 01:31:44]} {[%emt 00:00:17]} Bd6
{[%clk 01:31:55]} {[%emt 00:00:06]} 5. g3 {[%clk 01:31:33]} {[%emt 00:00:40]}
Bg4 {[%clk 01:32:17]} {[%emt 00:00:07]} 6. h3 {[%clk 01:31:50]} {[%emt
00:00:14]} Bh5 {[%clk 01:32:42]} {[%emt 00:00:06]} 7. Bg2 {[%clk 01:31:42]}
{[%emt 00:00:37]} Nd7 {[%clk 01:32:48]} {[%emt 00:00:24]} 8. O-O {[%clk
01:30:54]} {[%emt 00:01:18]} Ne7 {[%clk 01:31:16]} {[%emt 00:02:01]} 9. Re1
{[%clk 01:30:09]} {[%emt 00:01:16]} O-O {[%clk 01:31:36]} {[%emt 00:00:10]} 10.
g4 {[%clk 01:29:03]} {[%emt 00:01:36]} Bg6 {[%clk 01:31:00]} {[%emt 00:01:06]}
11. c3 {[%clk 01:28:06]} {[%emt 00:01:27]} h5 {[%clk 01:29:06]} {[%emt
00:02:24]} 12. Nf1 {[%clk 01:26:55]} {[%emt 00:01:41]} hxg4 {[%clk 01:27:46]}
{[%emt 00:01:49]} 13. hxg4 {[%clk 01:27:14]} {[%emt 00:00:12]} dxe4 {[%clk
01:28:02]} {[%emt 00:00:15]} 14. dxe4 {[%clk 01:27:07]} {[%emt 00:00:36]} Nf6
{[%clk 01:27:08]} {[%emt 00:01:24]} 15. N3h2 {[%clk 01:26:00]} {[%emt
00:01:37]} Qc7 {[%clk 01:23:17]} {[%emt 00:04:22]} 16. Ng3 {[%clk 01:24:04]}
{[%emt 00:02:25]} Rad8 {[%clk 01:23:26]} {[%emt 00:00:22]} 17. Qf3 {[%clk
01:23:17]} {[%emt 00:01:16]} Bc5 {[%clk 01:21:04]} {[%emt 00:02:53]} 18. b4
{[%clk 01:17:02]} {[%emt 00:06:44]} Bb6 {[%clk 01:19:57]} {[%emt 00:01:37]} 19.
Nf5 {[%clk 01:16:17]} {[%emt 00:01:15]} Nh7 {[%clk 01:17:02]} {[%emt 00:03:25]}
20. Qg3 {[%clk 01:11:19]} {[%emt 00:05:28]} Rd7 {[%clk 01:16:01]} {[%emt
00:01:32]} 21. a4 {[%clk 01:08:12]} {[%emt 00:03:37]} a5 {[%clk 01:16:07]}
{[%emt 00:00:24]} 22. bxa5 {[%clk 01:08:14]} {[%emt 00:00:28]} Bxa5 {[%clk
01:16:23]} {[%emt 00:00:13]} 23. Ba3 {[%clk 01:08:11]} {[%emt 00:00:33]} c5
{[%clk 01:14:57]} {[%emt 00:01:56]} 24. Bf1 {[%clk 01:05:42]} {[%emt 00:02:59]}
Ng5 {[%clk 01:10:09]} {[%emt 00:05:18]} 25. Bb5 {[%clk 00:55:56]} {[%emt
00:10:16]} Rdd8 {[%clk 01:07:56]} {[%emt 00:02:43]} 26. Qh4 {[%clk 00:52:13]}
{[%emt 00:04:13]} f6 {[%clk 01:05:09]} {[%emt 00:03:17]} 27. Re3 {[%clk
00:50:22]} {[%emt 00:02:21]} Bf7 {[%clk 00:53:27]} {[%emt 00:12:12]} 28. Nf1
{[%clk 00:39:46]} {[%emt 00:11:06]} Ng6 {[%clk 00:53:05]} {[%emt 00:00:52]} 29.
Qg3 {[%clk 00:36:01]} {[%emt 00:04:15]} Nf4 {[%clk 00:52:07]} {[%emt 00:01:28]}
30. Rae1 {[%clk 00:35:52]} {[%emt 00:00:39]} g6 {[%clk 00:48:01]} {[%emt
00:04:36]} 31. Nh4 {[%clk 00:29:34]} {[%emt 00:06:48]} Kg7 {[%clk 00:47:46]}
{[%emt 00:00:45]} 32. Bc1 {[%clk 00:25:45]} {[%emt 00:04:20]} Rh8 {[%clk
00:47:18]} {[%emt 00:00:57]} 33. Nd2 {[%clk 00:25:39]} {[%emt 00:00:36]} Rxh4
{[%clk 00:46:11]} {[%emt 00:01:37]} 34. Qxh4 {[%clk 00:25:41]} {[%emt
00:00:28]} Rh8 {[%clk 00:46:36]} {[%emt 00:00:05]} 35. Qxh8+ {[%clk 00:24:05]}
{[%emt 00:02:06]} Kxh8 {[%clk 00:47:01]} {[%emt 00:00:05]} 36. Kh2 {[%clk
00:22:00]} {[%emt 00:02:35]} Be6 {[%clk 00:46:18]} {[%emt 00:01:13]} 37. f3
{[%clk 00:21:30]} {[%emt 00:01:01]} Qh7+ {[%clk 00:46:12]} {[%emt 00:00:35]}
0-1

[Event "English Open Championship 2024"]
[Site "Holiday Inn, 212 Abbey End, Kenilworth CV8 1ED, United Kingdom"]
[Date "2024.06.22"]
[Round "6.33"]
[White "Zhang, Junyi"]
[Black "Damodaran, Patrick"]
[Result "1-0"]
[TimeControl "G90 + 30secs/move"]
[WhiteFideId "494437"]
[BlackFideId "465429"]
[WhiteElo "1962"]
[BlackElo "1934"]

1. e4 {[%clk 01:30:59]} c5 {[%clk 01:30:36]} {[%emt 00:00:24]} 2. Nf3 {[%clk
01:31:19]} {[%emt 00:00:10]} d6 {[%clk 01:30:40]} {[%emt 00:00:25]} 3. d4
{[%clk 01:31:47]} {[%emt 00:00:04]} cxd4 {[%clk 01:30:30]} {[%emt 00:00:39]} 4.
Nxd4 {[%clk 01:31:35]} {[%emt 00:00:43]} Nf6 {[%clk 01:30:14]} {[%emt
00:00:43]} 5. f3 {[%clk 01:31:46]} {[%emt 00:00:21]} a6 {[%clk 01:29:57]}
{[%emt 00:00:47]} 6. c4 {[%clk 01:31:49]} {[%emt 00:00:26]} e6 {[%clk
01:29:53]} {[%emt 00:00:33]} 7. Nc3 {[%clk 01:31:14]} {[%emt 00:01:08]} Nc6
{[%clk 01:29:40]} {[%emt 00:00:40]} 8. Be3 {[%clk 01:30:51]} {[%emt 00:00:55]}
Be7 {[%clk 01:29:13]} {[%emt 00:00:57]} 9. Be2 {[%clk 01:29:45]} {[%emt
00:01:35]} O-O {[%clk 01:27:25]} {[%emt 00:02:16]} 10. O-O {[%clk 01:29:18]}
{[%emt 00:01:00]} Nxd4 {[%clk 01:25:00]} {[%emt 00:02:55]} 11. Bxd4 {[%clk
01:28:10]} {[%emt 00:01:39]} Nd7 {[%clk 01:21:05]} {[%emt 00:04:24]} 12. Be3
{[%clk 01:26:52]} {[%emt 00:01:48]} b6 {[%clk 01:17:33]} {[%emt 00:04:02]} 13.
Qd2 {[%clk 01:24:03]} {[%emt 00:03:20]} Bb7 {[%clk 01:16:50]} {[%emt 00:01:12]}
14. Rfd1 {[%clk 01:19:15]} {[%emt 00:05:18]} Rc8 {[%clk 01:16:16]} {[%emt
00:01:01]} 15. Rac1 {[%clk 01:17:20]} {[%emt 00:02:27]} a5 {[%clk 01:12:51]}
{[%emt 00:03:57]} 16. Nb5 {[%clk 01:15:28]} {[%emt 00:02:22]} Rc6 {[%clk
01:09:27]} {[%emt 00:03:53]} 17. Bf4 {[%clk 00:34:07]} {[%emt 00:41:51]} e5
{[%clk 01:08:45]} {[%emt 00:01:12]} 18. Be3 {[%clk 00:34:36]} {[%emt 00:00:02]}
Nc5 {[%clk 01:08:10]} {[%emt 00:01:04]} 19. b3 {[%clk 00:29:56]} {[%emt
00:05:11]} Qb8 {[%clk 01:04:20]} {[%emt 00:04:18]} 20. Qb2 {[%clk 00:29:25]}
{[%emt 00:01:02]} Bc8 {[%clk 00:59:29]} {[%emt 00:05:20]} 21. a3 {[%clk
00:28:27]} {[%emt 00:01:29]} f5 {[%clk 00:58:33]} {[%emt 00:01:25]} 22. b4
{[%clk 00:28:08]} {[%emt 00:00:50]} Ne6 {[%clk 00:57:43]} {[%emt 00:01:19]} 23.
exf5 {[%clk 00:27:32]} {[%emt 00:01:07]} Nf4 {[%clk 00:56:14]} {[%emt
00:01:55]} 24. Bxf4 {[%clk 00:22:02]} {[%emt 00:06:04]} exf4 {[%clk 00:56:21]}
{[%emt 00:00:22]} 25. Qd2 {[%clk 00:22:18]} {[%emt 00:00:16]} Kh8 {[%clk
00:55:11]} {[%emt 00:01:36]} 26. Bd3 {[%clk 00:21:47]} {[%emt 00:01:05]} axb4
{[%clk 00:54:16]} {[%emt 00:01:25]} 27. axb4 {[%clk 00:20:07]} {[%emt
00:02:40]} Bd7 {[%clk 00:47:27]} {[%emt 00:07:46]} 28. Qxf4 {[%clk 00:12:18]}
{[%emt 00:08:21]} d5 {[%clk 00:45:33]} {[%emt 00:02:24]} 29. Qxb8 {[%clk
00:09:58]} {[%emt 00:02:51]} Rxb8 {[%clk 00:46:01]} {[%emt 00:00:01]} 30. cxd5
{[%clk 00:07:46]} {[%emt 00:02:42]} Rxc1 {[%clk 00:46:15]} {[%emt 00:00:16]} 31.
Rxc1 {[%clk 00:08:15]} Bxb5 {[%clk 00:46:26]} {[%emt 00:00:19]} 32. Bxb5 {[%emt
00:00:31]} Bxb4 {[%clk 00:46:50]} {[%emt 00:00:04]} 33. Kf1 {[%clk 00:08:04]}
{[%emt 00:00:42]} h6 {[%clk 00:46:23]} {[%emt 00:00:57]} 34. Ba6 {[%clk
00:08:09]} {[%emt 00:00:26]} Bd6 {[%clk 00:45:55]} {[%emt 00:00:57]} 35. h3
{[%clk 00:08:21]} {[%emt 00:00:19]} Kg8 {[%clk 00:45:09]} {[%emt 00:01:15]} 36.
Rc6 {[%clk 00:07:58]} {[%emt 00:00:54]} Bc5 {[%clk 00:45:23]} {[%emt 00:00:14]}
37. Bc8 {[%clk 00:06:09]} {[%emt 00:02:19]} Kf8 {[%clk 00:45:02]} {[%emt
00:00:51]} 38. d6 {[%clk 00:05:38]} {[%emt 00:01:03]} Bxd6 {[%clk 00:45:01]}
{[%emt 00:00:30]} 39. Rxd6 {[%clk 00:06:07]} {[%emt 00:00:02]} Rxc8 {[%clk
00:45:14]} {[%emt 00:00:16]} 40. Rxb6 {[%clk 00:06:36]} {[%emt 00:00:01]} Rc5
{[%clk 00:45:08]} {[%emt 00:00:36]} 41. g4 {[%clk 00:06:48]} {[%emt 00:00:18]}
Rc2 {[%clk 00:45:21]} {[%emt 00:00:16]} 42. Re6 {[%clk 00:06:09]} {[%emt
00:01:10]} Kf7 {[%clk 00:45:13]} {[%emt 00:00:38]} 43. Re2 {[%clk 00:06:31]}
{[%emt 00:00:08]} Rc3 {[%clk 00:44:37]} {[%emt 00:01:06]} 44. Kg2 {[%clk
00:06:24]} {[%emt 00:00:38]} Rc4 {[%clk 00:44:33]} {[%emt 00:00:33]} 45. Kg3
{[%clk 00:06:48]} {[%emt 00:00:06]} Rc1 {[%clk 00:44:40]} {[%emt 00:00:23]} 46.
h4 {[%clk 00:06:16]} {[%emt 00:01:02]} Rc4 {[%clk 00:44:49]} {[%emt 00:00:21]}
47. g5 {[%clk 00:05:14]} {[%emt 00:01:32]} hxg5 {[%clk 00:44:15]} {[%emt
00:01:04]} 48. hxg5 {[%clk 00:05:43]} {[%emt 00:00:01]} Rc5 {[%clk 00:44:17]}
{[%emt 00:00:29]} 49. Kf4 {[%clk 00:05:56]} {[%emt 00:00:17]} Rc4+ {[%clk
00:43:40]} {[%emt 00:01:06]} 50. Re4 {[%clk 00:06:22]} {[%emt 00:00:04]} Rc5
{[%clk 00:44:04]} {[%emt 00:00:06]} 51. Rd4 {[%clk 00:06:43]} {[%emt 00:00:09]}
Ke7 {[%clk 00:43:51]} {[%emt 00:00:43]} 52. Ra4 {[%clk 00:06:30]} {[%emt
00:00:43]} Rc7 {[%clk 00:43:34]} {[%emt 00:00:47]} 53. g6 {[%clk 00:05:47]}
{[%emt 00:01:13]} Rc5 {[%clk 00:43:07]} {[%emt 00:00:58]} 54. Ra7+ {[%clk
00:05:47]} {[%emt 00:00:29]} Kf8 {[%clk 00:43:32]} {[%emt 00:00:04]} 55. Ra8+
{[%clk 00:06:08]} {[%emt 00:00:10]} Ke7 {[%clk 00:42:43]} {[%emt 00:01:19]} 56.
Rg8 {[%clk 00:06:23]} {[%emt 00:00:15]} Kf6 {[%clk 00:42:08]} {[%emt 00:01:05]}
57. Rf8+ {[%clk 00:06:49]} {[%emt 00:00:04]} Ke7 {[%clk 00:42:34]} {[%emt
00:00:04]} 58. Rf7+ {[%clk 00:07:17]} {[%emt 00:00:02]} Ke8 {[%clk 00:42:55]}
{[%emt 00:00:09]} 59. Rxg7 {[%clk 00:07:43]} {[%emt 00:00:04]} Rc4+ {[%clk
00:43:14]} {[%emt 00:00:11]} 60. Kg5 {[%clk 00:07:53]} {[%emt 00:00:20]} Rc1
{[%clk 00:43:15]} {[%emt 00:00:29]} 61. Ra7 {[%clk 00:08:12]} {[%emt 00:00:11]}
Kf8 {[%clk 00:43:22]} {[%emt 00:00:23]} 62. g7+ {[%clk 00:08:13]} {[%emt
00:00:29]} Kg8 {[%clk 00:43:27]} {[%emt 00:00:26]} 63. f6 {[%clk 00:07:14]}
{[%emt 00:01:29]} Kh7 {[%clk 00:43:03]} {[%emt 00:00:53]} 64. Ra8 {[%clk
00:06:35]} {[%emt 00:01:09]} Rc8 {[%clk 00:43:19]} {[%emt 00:00:13]} 65. g8=Q+
{[%clk 00:06:55]} {[%emt 00:00:10]} Kxg8 {[%clk 00:43:16]} {[%emt 00:00:33]} 66.
Rxc8+ {[%clk 00:07:18]} {[%emt 00:00:08]} Kf7 {[%clk 00:43:42]} {[%emt
00:00:05]} 67. Rc7+ {[%clk 00:07:26]} {[%emt 00:00:22]} Ke6 {[%clk 00:44:06]}
{[%emt 00:00:05]} 68. f7 {[%clk 00:07:49]} {[%emt 00:00:06]} Ke5 {[%clk
00:44:30]} {[%emt 00:00:06]} 69. f8=Q {[%clk 00:08:14]} {[%emt 00:00:07]} Kd4
{[%clk 00:44:56]} {[%emt 00:00:04]} 70. Qd6+ {[%clk 00:08:23]} {[%emt
00:00:20]} Ke3 {[%clk 00:45:21]} {[%emt 00:00:05]} 71. Re7+ {[%clk 00:08:51]}
{[%emt 00:00:03]} Kf2 {[%clk 00:45:39]} {[%emt 00:00:12]} 72. Qh2+ {[%clk
00:09:10]} {[%emt 00:00:10]} Kxf3 {[%clk 00:45:48]} {[%emt 00:00:21]} 73. Qe2+
{[%clk 00:09:34]} {[%emt 00:00:06]} Kg3 {[%clk 00:46:14]} {[%emt 00:00:05]} 74.
Re3# {[%clk 00:09:30]} {[%emt 00:00:03]} 1-0

[Event "English Open Championship 2024"]
[Site "Holiday Inn, 212 Abbey End, Kenilworth CV8 1ED, United Kingdom"]
[Date "2024.06.22"]
[Round "6.34"]
[White "Patel, Zain"]
[Black "Patel, Keatan"]
[Result "1-0"]
[TimeControl "G90 + 30secs/move"]
[WhiteFideId "469246"]
[BlackFideId "477613"]
[WhiteElo "1972"]
[BlackElo "1848"]

1. d4 {[%clk 01:28:34]} {[%emt 00:02:25]} d5 {[%clk 01:29:24]} {[%emt
00:01:37]} 2. Nf3 {[%clk 01:28:20]} {[%emt 00:00:44]} Nf6 {[%clk 01:28:47]}
{[%emt 00:01:06]} 3. e3 {[%clk 01:27:40]} {[%emt 00:01:10]} Bf5 {[%clk
01:28:41]} {[%emt 00:00:35]} 4. Bd3 {[%clk 01:27:31]} {[%emt 00:00:41]} Bxd3
{[%clk 01:29:01]} {[%emt 00:00:10]} 5. Qxd3 {[%clk 01:27:50]} {[%emt 00:00:10]}
Nbd7 {[%clk 01:28:29]} {[%emt 00:01:02]} 6. O-O {[%clk 01:27:13]} {[%emt
00:01:08]} e6 {[%clk 01:28:06]} {[%emt 00:00:52]} 7. Nbd2 {[%clk 01:26:39]}
{[%emt 00:01:05]} Be7 {[%clk 01:28:23]} {[%emt 00:00:13]} 8. b3 {[%clk
01:25:21]} {[%emt 00:01:49]} O-O {[%clk 01:27:37]} {[%emt 00:01:15]} 9. Bb2
{[%clk 01:24:52]} {[%emt 00:00:59]} c5 {[%clk 01:27:53]} {[%emt 00:00:14]} 10.
c4 {[%clk 01:20:09]} {[%emt 00:05:13]} cxd4 {[%clk 01:13:25]} {[%emt 00:14:59]}
11. Nxd4 {[%clk 01:16:13]} {[%emt 00:04:25]} Rc8 {[%clk 01:01:18]} {[%emt
00:12:37]} 12. cxd5 {[%clk 01:12:01]} {[%emt 00:04:43]} Nxd5 {[%clk 01:00:49]}
{[%emt 00:00:57]} 13. Rac1 {[%clk 01:09:49]} {[%emt 00:02:42]} Qa5 {[%clk
00:43:31]} {[%emt 00:17:49]} 14. Nc4 {[%clk 01:05:33]} {[%emt 00:04:46]} Qa6
{[%clk 00:40:41]} {[%emt 00:03:19]} 15. Nf5 {[%clk 01:04:06]} {[%emt 00:01:57]}
Bf6 {[%clk 00:35:33]} {[%emt 00:05:38]} 16. Bxf6 {[%clk 00:58:25]} {[%emt
00:06:12]} N7xf6 {[%clk 00:35:43]} {[%emt 00:00:20]} 17. e4 {[%clk 00:56:46]}
{[%emt 00:02:09]} b5 {[%clk 00:14:00]} {[%emt 00:22:13]} 18. exd5 {[%clk
00:52:29]} {[%emt 00:04:47]} bxc4 {[%clk 00:14:00]} {[%emt 00:00:30]} 19. Ne7+
{[%clk 00:52:20]} {[%emt 00:00:39]} Kh8 {[%clk 00:14:30]} 20. bxc4 {[%clk
00:45:46]} {[%emt 00:07:03]} Rcd8 {[%clk 00:14:49]} {[%emt 00:00:10]} 21. Rfd1
{[%clk 00:42:33]} {[%emt 00:03:44]} exd5 {[%clk 00:13:56]} {[%emt 00:01:23]} 22.
cxd5 {[%clk 00:41:36]} {[%emt 00:01:26]} Qb7 {[%clk 00:01:14]} {[%emt
00:13:13]} 23. d6 {[%clk 00:40:55]} {[%emt 00:01:11]} Ne8 {[%clk 00:01:20]}
{[%emt 00:00:24]} 24. Nf5 {[%clk 00:36:07]} {[%emt 00:05:17]} h6 {[%clk
00:01:19]} {[%emt 00:00:33]} 25. Qg3 {[%clk 00:35:23]} {[%emt 00:01:13]} Qd7
{[%clk 00:01:25]} {[%emt 00:00:24]} 26. Qh4 {[%clk 00:34:55]} {[%emt 00:00:58]}
Nc7 {[%clk 00:00:55]} {[%emt 00:00:59]} 27. Rxc7 {[%clk 00:33:17]} {[%emt
00:02:09]} Qxc7 {[%clk 00:01:08]} {[%emt 00:00:17]} 28. Qd4 {[%clk 00:33:43]}
{[%emt 00:00:03]} 1-0

[Event "English Open Championship 2024"]
[Site "Holiday Inn, 212 Abbey End, Kenilworth CV8 1ED, United Kingdom"]
[Date "2024.06.22"]
[Round "6.36"]
[White "Lim, Mark"]
[Black "Waterfield, Mark B"]
[Result "1-0"]
[TimeControl "G90 + 30secs/move"]
[WhiteFideId "417734"]
[BlackFideId "464910"]
[WhiteElo "1844"]
[BlackElo "1839"]

1. d4 {[%clk 01:30:47]} {[%emt 00:00:10]} e6 {[%clk 01:29:13]} {[%emt
00:01:47]} 2. Nf3 {[%clk 01:31:11]} {[%emt 00:00:07]} d5 {[%clk 01:29:36]}
{[%emt 00:00:07]} 3. e3 {[%clk 01:31:38]} {[%emt 00:00:03]} c5 {[%clk
01:29:41]} {[%emt 00:00:24]} 4. Bd3 {[%clk 01:31:41]} {[%emt 00:00:27]} Nf6
{[%clk 01:29:30]} {[%emt 00:00:41]} 5. b3 {[%clk 01:32:06]} {[%emt 00:00:06]}
Nc6 {[%clk 01:22:12]} {[%emt 00:07:48]} 6. Bb2 {[%clk 01:32:26]} {[%emt
00:00:09]} Qc7 {[%clk 01:21:13]} {[%emt 00:01:29]} 7. c4 {[%clk 01:30:06]}
{[%emt 00:02:50]} Be7 {[%clk 01:19:35]} {[%emt 00:02:08]} 8. Nc3 {[%clk
01:27:43]} {[%emt 00:02:53]} O-O {[%clk 01:16:54]} {[%emt 00:03:12]} 9. O-O
{[%clk 01:26:56]} {[%emt 00:01:17]} a6 {[%clk 01:12:57]} {[%emt 00:04:26]} 10.
Rc1 {[%clk 01:25:28]} {[%emt 00:01:59]} cxd4 {[%clk 01:10:04]} {[%emt
00:03:22]} 11. exd4 {[%clk 01:25:22]} {[%emt 00:00:36]} dxc4 {[%clk 01:09:59]}
{[%emt 00:00:35]} 12. bxc4 {[%clk 01:24:52]} {[%emt 00:01:00]} b6 {[%clk
01:02:52]} {[%emt 00:07:38]} 13. Re1 {[%clk 01:19:02]} {[%emt 00:06:19]} Rd8
{[%clk 00:56:22]} {[%emt 00:06:59]} 14. d5 {[%clk 01:15:49]} {[%emt 00:03:45]}
Nb4 {[%clk 00:48:51]} {[%emt 00:08:00]} 15. Bb1 {[%clk 01:13:15]} {[%emt
00:03:05]} exd5 {[%clk 00:48:27]} {[%emt 00:00:53]} 16. cxd5 {[%clk 01:12:33]}
{[%emt 00:01:12]} Qd6 {[%clk 00:44:38]} {[%emt 00:04:19]} 17. Qd4 {[%clk
01:02:40]} {[%emt 00:10:24]} Bf8 {[%clk 00:39:28]} {[%emt 00:05:40]} 18. Qh4
{[%clk 00:56:42]} {[%emt 00:06:27]} g6 {[%clk 00:26:50]} {[%emt 00:13:08]} 19.
Ng5 {[%clk 00:52:05]} {[%emt 00:05:07]} h6 {[%clk 00:20:36]} {[%emt 00:06:44]}
20. Nge4 {[%clk 00:46:02]} {[%emt 00:06:33]} g5 {[%clk 00:20:00]} {[%emt
00:01:06]} 21. Nxg5 {[%clk 00:42:54]} {[%emt 00:03:38]} Nbxd5 {[%clk 00:18:48]}
{[%emt 00:01:43]} 22. Nge4 {[%clk 00:40:03]} {[%emt 00:03:21]} Nxe4 {[%clk
00:13:19]} {[%emt 00:05:58]} 23. Nxd5 {[%clk 00:32:42]} {[%emt 00:07:51]} f5
{[%clk 00:02:19]} {[%emt 00:11:30]} 24. Bxe4 {[%clk 00:28:51]} {[%emt
00:04:21]} fxe4 {[%clk 00:02:09]} {[%emt 00:00:40]} 25. Nf6+ {[%clk 00:28:32]}
{[%emt 00:00:48]} Kf7 {[%clk 00:02:18]} {[%emt 00:00:22]} 26. Nxe4 {[%clk
00:23:19]} {[%emt 00:05:43]} Qe7 {[%clk 00:00:51]} {[%emt 00:01:57]} 27. Qh5+
{[%clk 00:21:48]} {[%emt 00:02:00]} 1-0

[ePGN "0.1;DGT LiveChess/2.2.6"]

[Event "English Open Championship 2024"]
[Site "Holiday Inn, 212 Abbey End, Kenilworth CV8 1ED, United Kingdom"]
[Date "2024.06.23"]
[Round "7.1"]
[White "Adams, Michael"]
[Black "Ghasi, Ameet K"]
[Result "1/2-1/2"]
[TimeControl "G90 + 30secs/move"]
[WhiteFideId "400041"]
[BlackFideId "409200"]
[WhiteElo "2670"]
[BlackElo "2496"]

1. e4 {[%clk 01:30:57]} {[%emt 00:00:02]} c6 {[%clk 01:29:45]} {[%emt
00:01:15]} 2. d4 {[%clk 01:31:20]} {[%emt 00:00:06]} d5 {[%clk 01:30:11]}
{[%emt 00:00:05]} 3. e5 {[%clk 01:31:46]} {[%emt 00:00:04]} Bf5 {[%clk
01:30:22]} {[%emt 00:00:19]} 4. Nf3 {[%clk 01:32:08]} {[%emt 00:00:08]} e6
{[%clk 01:30:43]} {[%emt 00:00:10]} 5. Be2 {[%clk 01:32:33]} {[%emt 00:00:04]}
c5 {[%clk 01:30:36]} {[%emt 00:00:38]} 6. O-O {[%clk 01:32:43]} {[%emt
00:00:19]} Nc6 {[%clk 01:29:55]} {[%emt 00:01:11]} 7. c3 {[%clk 01:33:02]}
{[%emt 00:00:10]} cxd4 {[%clk 01:29:38]} {[%emt 00:00:49]} 8. cxd4 {[%clk
01:33:27]} {[%emt 00:00:05]} Nge7 {[%clk 01:28:08]} {[%emt 00:01:59]} 9. Nc3
{[%clk 01:33:33]} {[%emt 00:00:23]} Bg4 {[%clk 01:25:30]} {[%emt 00:03:09]} 10.
Nh4 {[%clk 01:33:15]} {[%emt 00:00:49]} Bxe2 {[%clk 01:25:56]} {[%emt
00:00:05]} 11. Nxe2 {[%clk 01:33:39]} {[%emt 00:00:05]} Ng6 {[%clk 01:26:00]}
{[%emt 00:00:26]} 12. Nf3 {[%clk 01:33:01]} {[%emt 00:01:07]} Be7 {[%clk
01:24:11]} {[%emt 00:02:17]} 13. g3 {[%clk 01:31:24]} {[%emt 00:02:09]} O-O
{[%clk 01:23:38]} {[%emt 00:01:04]} 14. h4 {[%clk 01:30:03]} {[%emt 00:01:51]}
f6 {[%clk 01:24:00]} {[%emt 00:00:08]} 15. Nf4 {[%clk 01:24:55]} {[%emt
00:05:38]} Nxf4 {[%clk 01:12:07]} {[%emt 00:12:24]} 16. Bxf4 {[%clk 01:25:22]}
{[%emt 00:00:03]} f5 {[%clk 01:10:46]} {[%emt 00:01:52]} 17. Qd2 {[%clk
01:17:56]} {[%emt 00:07:56]} Qe8 {[%clk 01:07:37]} {[%emt 00:03:39]} 18. Kg2
{[%clk 01:15:11]} {[%emt 00:03:14]} Qh5 {[%clk 01:00:29]} {[%emt 00:07:38]} 19.
Rac1 {[%clk 01:11:41]} {[%emt 00:03:59]} h6 {[%clk 00:54:47]} {[%emt 00:06:13]}
20. a3 {[%clk 01:05:28]} {[%emt 00:06:42]} Rac8 {[%clk 00:48:14]} {[%emt
00:07:05]} 21. Rc3 {[%clk 00:58:17]} {[%emt 00:07:41]} 1/2-1/2